| 000 -ლიდერი |
| ფიქსირებული სიგრძის საკონტროლო ველი |
01666nam a2200277Ia 4500 |
| 001 - საკონტროლო ნომერი |
| საკონტროლო ველი |
1769 |
| 003 - საკონტროლო ნომრის იდენტიფიკატორი |
| საკონტროლო ველი |
GE_BSU |
| 005 - ბოლო ოპერაციის თარიღი და დრო |
| საკონტროლო ველი |
20250321173113.0 |
| 008 - ფიქსირებული სიგრძის მონაცემთა ელემენტები - ზოგადი ინფორმაცია |
| ფიქსირებული სიგრძის საკონტროლო ველი |
181216s2004||||ge |||||||||||||| ||geo|| |
| 040 ## - კატალოგიზაციის წყარო |
| Transcribing agency |
GE_BSU |
| 041 ## - ენის კოდი |
| Language code of text/sound track or separate title |
geo |
| 080 ## - უნივერსალური ათობითი კლასიფიკაციის ინდექსი |
| Universal Decimal Classification number |
37.01(09) პ–25 |
| 245 ## - ცნობა სათაურის შესახებ |
| Title |
პედაგოგიკის ისტორია : |
| Remainder of title |
[სახელმძღვ.] / |
| Statement of responsibility, etc |
ავტ.: ნათელა ვასაძე, ვლადიმერ გაგუა, იური ბიბილეიშვილი [და სხვ.] ; რედ. ნათელა ვასაძე ; მხატვ. მარიკა დანელია ; საქ. განათლ. მეცნ. აკად. |
| 264 ## - წარმოების, გამოცემის, დისტრიბუციის და სხვა ცნობები |
| გამოცემის, წარმოების, დისტრიბუციის... ადგილი |
თბილისი, |
| გამოცემის, წარმოების, დისტრიბუციის... თარიღი |
2004. |
| 300 ## - ფიზიკური აღწერა |
| Extent |
416 გვ. ; |
| Other physical details |
19 სმ. |
| 653 ## - INDEX TERM--UNCONTROLLED |
| Uncontrolled term |
პედაგოგიკის ისტორია |
| 700 ## - ADDED ENTRY--PERSONAL NAME |
| Personal name |
ვასაძე, ნ. (ნათელა) |
| Relator term |
ავტორი |
| 9 (RLIN) |
19840 |
| 700 ## - ADDED ENTRY--PERSONAL NAME |
| Personal name |
გაგუა, ვ. (ვლადიმერ) |
| Relator term |
ავტორი |
| 9 (RLIN) |
19841 |
| 700 ## - ADDED ENTRY--PERSONAL NAME |
| Personal name |
ბიბილეიშვილი, ი. (იური) |
| Relator term |
ავტორი |
| 9 (RLIN) |
19842 |
| 700 ## - ADDED ENTRY--PERSONAL NAME |
| Personal name |
სიხარულიძე, გ. (გალაქტიონ) |
| Relator term |
ავტორი |
| 9 (RLIN) |
19843 |
| 700 ## - ADDED ENTRY--PERSONAL NAME |
| Personal name |
მგალობლიშვილი, თ. (თეიმურაზ) |
| Relator term |
ავტორი |
| 9 (RLIN) |
19844 |
| 700 ## - ADDED ENTRY--PERSONAL NAME |
| Personal name |
ვასაძე, ნ. (ნათელა) |
| Relator term |
რედაქტორი |
| 9 (RLIN) |
19840 |
| 700 ## - ADDED ENTRY--PERSONAL NAME |
| Personal name |
დანელია, მ. (მარიკა) |
| Relator term |
მხატვარი |
| 9 (RLIN) |
19845 |
| 710 ## - ADDED ENTRY--CORPORATE NAME |
| Corporate name or jurisdiction name as entry element |
საქ. განათლ. მეცნ. აკად. |
| 9 (RLIN) |
19846 |
| 942 ## - ADDED ENTRY ELEMENTS (KOHA) |
| Koha item type |
წიგნი |
| Source of classification or shelving scheme |
|